Gargallo, 1881-1934 (Record no. 187417)

MARC details
000 -LEADER
campo de control de longitud fija 00870nam a2200217 i 4500
001 - NÚMERO DE CONTROL
campo de control 187417
003 - IDENTIFICADOR DE NÚMERO DE CONTROL
campo de control SpMaBN
005 - FECHA Y HORA DE LA ÚLTIMA TRANSACCIÓN
campo de control 20230906222922.0
008 - DATOS DE LONGITUD FIJA--INFORMACIÓN GENERAL
campo de control de longitud fija 170703s1971 sp ac |||| |dspa d
080 ## - NÚMERO DE LA CLASIFICACIÓN DECIMAL UNIVERSAL
Número de la Clasificación Decimal Universal 75 Gargallo, Pablo:061.43(460.27 M.)"1971"
100 1# - ENTRADA PRINCIPAL--NOMBRE DE PERSONA
Nombre de persona Gargallo, Pablo.
9 (RLIN) 138281
245 10 - MENCIÓN DEL TÍTULO
Título Gargallo, 1881-1934
Resto del título : Museo Español de Arte Contemporáneo, Madrid, octubre-noviembre 1971 : [exposición].
260 ## - PUBLICACIÓN, DISTRIBUCIÓN, ETC.
Lugar de publicación, distribución, etc. [Madrid] :
Nombre del editor, distribuidor, etc. Comisaría General de Exposiciones. Dirección General de Bellas Artes. Ministerio de Educación y Ciencia,
Fecha de publicación, distribución, etc. 1971.
300 ## - DESCRIPCIÓN FÍSICA
Extensión 110 p. :
Otras características físicas il., retr. ;
Dimensiones 25 cm.
600 17 - PUNTO DE ACCESO ADICIONAL DE MATERIA--NOMBRE DE PERSONA
Nombre de persona Gargallo, Pablo-
Subdivisión de forma Exposiciones.
9 (RLIN) 138282
655 #7 - TERMINO DE INDIZACIÓN--GENERO/FORMA
Fuente del término tgfbne
9 (RLIN) 193628
Datos o término principal de género/forma Catálogos de exposiciones
710 2# - ENTRADA AGREGADA--NOMBRE DE ENTIDAD CORPORATIVA
Nombre de entidad corporativa o nombre de jurisdicción como elemento de entrada Museo Español de Arte Contemporáneo.
9 (RLIN) 5876
852 ## - LOCALIZACIÓN
Ubicación ES-MaACL
Número de control de estantería L-31758
942 ## - ELEMENTOS DE ENTRADA SECUNDARIOS (KOHA)
Fuente del sistema de clasificación o colocación Clasificación decimal universal
Holdings
Estatus retirado Estado de pérdida Estado de daño No para préstamo Biblioteca de origen Biblioteca actual Ubicación en estantería Fecha de adquisición Fuente de adquisición Total de préstamos Signatura topográfica completa Código de barras Visto por última vez Precio de reemplazo Tipo de ítem Koha
        Biblioteca del Ateneo de Madrid Biblioteca del Ateneo de Madrid Depósito 2 03/07/2017     L-31758 1197837 23/02/2023 23/02/2023 Libro impreso